Essays in constitutional law (Record no. 368312)
[ view plain ]
| 000 -LEADER | |
|---|---|
| fixed length control field | 00345cam a22001217a 4500 |
| 008 - FIXED-LENGTH DATA ELEMENTS--GENERAL INFORMATION | |
| fixed length control field | 180718b1961 xxu||||| |||| 00| 0 eng d |
| 082 ## - DEWEY DECIMAL CLASSIFICATION NUMBER | |
| Classification number | C4x42 H487 |
| 100 ## - MAIN ENTRY--PERSONAL NAME | |
| Personal name | Heuston, R.F.V. |
| 245 ## - TITLE STATEMENT | |
| Title | Essays in constitutional law |
| Statement of responsibility, etc. | by R.F.V. Heuston |
| 260 ## - PUBLICATION, DISTRIBUTION, ETC. | |
| Place of publication, distribution, etc. | London |
| Name of publisher, distributor, etc. | Stevens |
| Date of publication, distribution, etc. | 1961 |
| 300 ## - PHYSICAL DESCRIPTION | |
| Extent | xi,187p |
| 650 ## - SUBJECT ADDED ENTRY--TOPICAL TERM | |
| Topical term or geographic name entry element | Great Britain --Constitutional law |
| Withdrawn status | Lost status | Damaged status | Not for loan | Permanent Location | Current Location | Date acquired | Full call number | Barcode | Date last seen | Price effective from | Koha item type |
|---|---|---|---|---|---|---|---|---|---|---|---|
| Indian Institute of Public Administration | Indian Institute of Public Administration | 1994-05-20 | C4x42 H487/64 | 36156 | 2018-07-21 | 2018-07-21 | Book | ||||
| Indian Institute of Public Administration | Indian Institute of Public Administration | 2009-09-02 | C4x42 H487 | 32196 | 2018-07-21 | 2018-07-21 | Book | ||||
| Indian Institute of Public Administration | Indian Institute of Public Administration | 1994-05-20 | C4x42 H487 | 30805 | 2018-07-21 | 2018-07-21 | Book | ||||
| Indian Institute of Public Administration | Indian Institute of Public Administration | 1994-06-16 | C4x73 M132 | 9639 | 2018-07-21 | 2018-07-21 | Book |
